000 00307nam a22001337a 4500
008 171013b xxu||||| |||| 00| 0 eng d
020 _a9780131066755
041 _aeng
080 _23 ED
_a316
100 _a51
101 _aSOC
245 _aMAJORITY MINORITY RELATIONS
_cFARLEY.J.E
942 _2udc
_cBK
999 _c33768
_d33768